Music Quiz

Random Music or Rock Quiz
Score 0/18 Timer 04:00
4 Plays Today
Music Artist % Correct
Lady
98.2%
Paul
98.1%
Katy
97.7%
Gwen
97.6%
John
97.5%
Mick
96.3%
Tina
94.9%
Meat
91.5%
Phil
91.1%
Music Artist % Correct
Mary
90.3%
Neil
89.3%
Bono
86.7%
Bing
84.2%
Jay-Z
83.9%
Ella
83.5%
Post
81.2%
Luke
62.5%
Alan
45.3%

You're not logged in!

Compare scores with friends on all Sporcle quizzes.
OR
Log In

Sporcle TV

Today on Sporcle TV


Watch our educational content, quiz creation guides, and fun videos on Sporcle TV.

Show Comments

Extras

Top Quizzes Today


Score Distribution

Paid Content

Your Account Isn't Verified!

In order to create a playlist on Sporcle, you need to verify the email address you used during registration. Go to your Sporcle Settings to finish the process.

Report this User

Report this user for behavior that violates our Community Guidelines.

Details: